000 00282nam a2200133Ia 4500
008 221030s9999 xx 000 0 und d
041 _aEnglish
082 _a105.23
100 _aSushant Gulati/228
245 0 _aJAVA
260 _aJammu
_c2001
650 _aComputers
942 _cTH
999 _c4390
_d4390